Представление документа в формате MARC21

Поле Инд. ПП Название Значение
Тип записи a
Библиографический уровень m
001 Контрольный номер UNIDUBNA04f6c137797641ea80e1f0c25c9b3cbf
005 Дата корректировки 20260526151909.4
008 Кодируемые данные 20260507
022 0_ a ISSN 0321-1878
084 a Индекс другой классификации/Индекс ББК 84(2=411.2)6
084 a Индекс другой классификации/Индекс ББК 84(5Арм)6
084 a Индекс другой классификации/Индекс ББК 63.3(4Фра)5
084 a Индекс другой классификации/Индекс ББК 83.3(2=411.2)52-8Чехов А. П.
084 a Индекс другой классификации/Индекс ББК 83.3(2=411.2)6
084 a Индекс другой классификации/Индекс ББК 85.37
084 a Индекс другой классификации/Индекс ББК 87.3
090 a Полочн. индекс 95.2
099 a Индекс 42215
245 10 a Заглавие Звезда
n Номер части/ раздела №4/2026
b Продолж. заглавия ежемесячный литературно-художественный и общественно-политический независимый журнал
c Ответственность учредитель: ООО "Журнал "Звезда""; гл. ред. А. Ю. Арьев
260 c Дата издания 2026
b Издательство Звезда
a Место издания Санкт-Петербург
300 a Объем 288 с.
500 a Примечание Журнал
505 0_ a Форматированное содержание Стихи
b Автор Куллэ В. А.
505 0_ a Форматированное содержание Стихи
b Автор Евстигнеева Е. А.
505 0_ a Форматированное содержание Камень Санта-Лючии
b Автор Апраксина Т.
n Доп. информация Песни на краю земли
505 0_ a Форматированное содержание Стихи
b Автор Шакарян К. А.
505 0_ a Форматированное содержание Стихи
b Автор Рыжков А. М.
505 0_ a Форматированное содержание Sic transit gloria mundi
b Автор Свиридова А.
n Доп. информация Рассказ
505 0_ a Форматированное содержание Стихи
b Автор Кондратенко П. И.
505 0_ a Форматированное содержание Стихи
b Автор Уварова Е. В.
505 0_ a Форматированное содержание Как сбываются пророчества
b Автор Зельдич Ю. В.
n Доп. информация Французская революция
505 0_ a Форматированное содержание Чехов. Космический озноб
b Автор Скульская Е. Г.
505 0_ a Форматированное содержание Смысл молнии
b Автор Юрьев Ст.
n Доп. информация "Стигматы" Дмитрия Бобышева. К 90-летию Дмитрия Бобышева
505 0_ a Форматированное содержание "Моменты судьбы"
b Автор Ломовская М. В.
n Доп. информация Цветаева и ее близкие по воспоминаниям Эммы Герштейн и другим свидетельствам
505 0_ a Форматированное содержание Взросление, или "Человек ищет себя"
b Автор Беневич Г. И.
n Доп. информация Из книги мемуаров
505 0_ a Форматированное содержание Ревность
b Автор Невзглядова Е.
505 0_ a Форматированное содержание "Ленфильм" как он был, или Спор о том, чего нет
b Автор Щеглова Е. П.
505 0_ a Форматированное содержание Органы без организмов
b Автор Смирнов И.
n Доп. информация К философии и теории фрагмента
600 14 a Персоналии Бобышев Дмитрий Васильевич
a Персоналии Цветаева Марина Ивановна
a Персоналии Чехов Антон Павлович
650 04 a Основная рубрика художественная литература; литературоведение
653 0_ a Ключевые слова "Вишневый сад"
a Ключевые слова "Дядя Ваня"
a Ключевые слова "Иванов"
a Ключевые слова "Три сестры"
a Ключевые слова "Чайка"
a Ключевые слова XVIII век
a Ключевые слова XX век
a Ключевые слова XXI век
a Ключевые слова армянская литература
a Ключевые слова история
a Ключевые слова кинематограф
a Ключевые слова Ленфильм
a Ключевые слова ревность
a Ключевые слова русская литература
a Ключевые слова русская литературная критика
a Ключевые слова русская поэзия
a Ключевые слова тема ревности
a Ключевые слова философия
a Ключевые слова философские размышления
a Ключевые слова философское мышление
a Ключевые слова фрагменты
a Ключевые слова Франция
a Ключевые слова Французская революция 1789-1799
655 a Жанр/ форма (устаревшее) историческая публицистика
a Жанр/ форма (устаревшее) мемуары (воспоминания)
a Жанр/ форма (устаревшее) поэзия
a Жанр/ форма (устаревшее) проза
a Жанр/ форма (устаревшее) рассказ
a Жанр/ форма (устаревшее) стихотворение
700 12 a Автор Куллэ В. А.
q Полное имя Куллэ Виктор Альфредович
700 12 a Автор Евстигнеева Е. А.
q Полное имя Евстигнеева Елизавета Алексеевна
700 12 a Автор Апраксина Т.
q Полное имя Апраксина Татьяна
700 12 a Автор Шакарян К. А.
q Полное имя Шакарян Константин Ашотович
700 12 a Автор Рыжков А. М.
q Полное имя Рыжков Александр Михайлович
700 12 a Автор Свиридова А.
q Полное имя Свиридова Александра
700 12 a Автор Кондратенко П. И.
q Полное имя Кондратенко Полина Игоревна
700 12 a Автор Уварова Е. В.
q Полное имя Уварова Елена Владимировна
700 12 a Автор Зельдич Ю. В.
q Полное имя Зельдич Юрий Владимирович
700 12 a Автор Скульская Е. Г.
q Полное имя Скульская Елена Григорьевна
700 12 a Автор Юрьев Ст.
q Полное имя Яржембовский Станислав Юрьевич
700 12 a Автор Ломовская М. В.
q Полное имя Ломовская Марина Валентиновна
700 12 a Автор Беневич Г. И.
q Полное имя Беневич Григорий Исаакович
700 12 a Автор Невзглядова Е.
q Полное имя Невзглядова Елена
700 12 a Автор Щеглова Е. П.
q Полное имя Щеглова Евгения Петровна
700 12 a Автор Смирнов И.
q Полное имя Смирнов Игорь
773 18 w Контрольный № источника RU/IS/BASE/408119542
901 t Тип документа s
952 a Тип литературы для КСУ ВШ ЛХЖ
991 s 6